| 000 | 01232nam a2200313 a 4500 | ||
|---|---|---|---|
| 001 | ebr10256386 | ||
| 003 | CaPaEBR | ||
| 006 | m u | ||
| 007 | cr cn||||||||| | ||
| 008 | 060717s2007 mduaf sb 001 0 eng | ||
| 010 | _z 2006023201 | ||
| 020 | _z9780801885730 (alk. paper) | ||
| 020 | _z0801885736 (alk. paper) | ||
| 040 |
_aCaPaEBR _cCaPaEBR |
||
| 035 | _a(OCoLC)646769600 | ||
| 050 | 1 | 4 |
_aQL566 _b.M53 2007eb |
| 082 | 0 | 4 |
_a595.79/9 _222 |
| 100 | 1 |
_aMichener, Charles Duncan, _d1918- |
|
| 245 | 1 | 4 |
_aThe bees of the world _h[electronic resource] / _cCharles D. Michener. |
| 250 | _a2nd ed. | ||
| 260 |
_aBaltimore : _bJohns Hopkins University Press, _c2007. |
||
| 300 |
_axvi, 953 p., 20 p. of plates : _bill. (some col.). |
||
| 504 | _aIncludes bibliographical references (p. 833-904) and indexes. | ||
| 533 |
_aElectronic reproduction. _bPalo Alto, Calif. : _cebrary, _d2013. _nAvailable via World Wide Web. _nAccess may be limited to ebrary affiliated libraries. |
||
| 650 | 0 |
_aBees _vClassification. |
|
| 655 | 7 |
_aElectronic books. _2local |
|
| 710 | 2 | _aebrary, Inc. | |
| 856 | 4 | 0 |
_uhttp://site.ebrary.com/lib/rucke/Doc?id=10256386 _zAn electronic book accessible through the World Wide Web; click to view |
| 999 |
_c30094 _d30094 |
||